| 000 | 00768cam a22002291i 4500 | ||
|---|---|---|---|
| 001 | e 34000297 | ||
| 003 | DLC | ||
| 005 | 20260227111224.0 | ||
| 008 | 780201s1933 stkc 001 0 eng c | ||
| 010 | _ae 34000297 | ||
| 035 | _a(OCoLC)3595269 | ||
| 040 |
_aLibrary, U.S. Office of Education _cDNIE _dDLC |
||
| 050 | 0 | 0 |
_aLA210 _b.B65 |
| 100 | 1 |
_aBoyd, William, _d1874-1962. |
|
| 245 | 1 | 0 |
_aAmerica in school and college, _cby William Boyd... |
| 260 |
_aEdinburgh, _bThe Educational institute of Scotland _c[1933] |
||
| 300 |
_a2 p. l., xiii, [1], 240, iii p. _bfront. (port.) _c18 1/2 cm. |
||
| 500 | _a"Canadian education": p. 218-232. | ||
| 504 | _a"A bibliographical note": p. 239-240. | ||
| 650 | 0 |
_aEducation _zUnited States. |
|
| 650 | 0 |
_aEducation _zCanada. |
|
| 999 |
_c21382 _d21382 |
||